[Event "E Women's World Championship"]
[Site "Vladivostok, Russia"]
[Date "2020.01.19"]
[Round "9.1"]
[White "Ju, Wenjun"]
[Black "Goryachkina, Aleksandra"]
[Result "1-0"]
[WhiteElo "2584"]
[BlackElo "2578"]
[EventDate "2020.??.??"]
[Annotator "Bojkov,Dejan"]
[PlyCount "124"]
[Beauty "6253782779914"]
[EventType "match"]
[EventRounds "2"]
[EventCountry "RUS"]

1.Nf3 d5 2.b3 {Behind in the score Ju decided that her chances would be better if she avoids the main theoretical lines full of forcing lines.} 2...c5 3.e3 a6 4.Bb2 Nc6 5.d4 Nf6 ( {Caruana chose instead:} 5...cxd4 6.Nxd4 Nf6 7.Nxc6 bxc6 8.Nd2 e6 9.Bd3 Be7 10.O-O O-O 11.c4 a5 {with normal play for Black, Nakamura, H (2792)-Caruana,F (2807) Saint Louis 2017} ) 6.Nbd2 cxd4 7.exd4 g6 8.a3 Bg7 9.Bd3 Nh5 $146 {A good novelty which enables central play by the second player.} ( {The predecessor saw:} 9...O-O 10.O-O Bf5 11.Bxf5 gxf5 12.Ne1 Ne4 13.Ndf3 Qb6 14.Qd3 Rac8 15.Qe3 f4 16.Qxf4 Nxd4 17.Nxd4 Bxd4 18.Qg4+ Kh8 19.Bxd4+ Qxd4 {Gubajdullin,A (2346)-Harutyunian,T (2452) Kazan 2016} ) 10.g3 O-O 11.Ne5 Nxe5 12.dxe5 d4 ( {A much better idea seems the inclusion of the black queen:} 12...Qc7 $1 13.f4 {Then followed by the opening of the center:} 13...f6 14.Qf3 Be6 {with double-edged position.} ) 13.f4 f6 {Here White manages to consolidate.} 14.Qe2 fxe5 15.fxe5 Bh6 16.O-O-O Be3 17.Rhf1 Bh3 18.Rxf8+ Qxf8 {All of this was pretty forced and with her next prophylactic move Ju moves her king away from the dangerous diagonal.} 19.Kb1 ( {However, in the process the world champion missed the strong continuation:} 19.Be4 $1 {Which is doubled attack. Black's best move is:} 19...Qc8 {which will be answered by the same:} ( {Not only the b7 pawn hangs:} 19...Rb8 20.Bxd4 $1 Bxd4 21.Qc4+ {drops the central pawn instead.} ) 20.Kb1 {But in comparison to the game Black will have her pieces awkwardly placed.} ) 19...b5 20.Nf1 {Now Goryachkina finds a brave resource.} 20...Bg1 $1 {For a moment, it seems as the white pieces are stuck, but the world champion can be amazingly resourceful as well.} 21.a4 $1 {The most discussed move of the game. And maybe the match. In fact yesterday, when I played my for my Belgium team a very strong GM said he could not believe his eyes when he saw the move. Neither did his wife who is a world-class player as well.} ( {A more normal continuation would be:} 21.Qe4 Rd8 22.Qh1 Bg4 23.Rc1 Bf2 24.Qc6 {with unclear game.} ) 21...bxa4 22.bxa4 {This is even more weird. Ju completely strips her king from the pawn cover. Could anyone expect this? A closer look at the position though reveals that there are some serious advantages behind White's idea. First and foremost, the light-squared bishop gets an amazing diagonal to work on.} ( {From objective point of view however:} 22.Nd2 {was stronger when after:} 22...Be3 23.Nc4 axb3 24.Nxe3 dxe3 25.cxb3 Be6 $1 {Black is in time to block the enemy bishops.} ) 22...Qc8 23.Bc4+ Kh8 {Goryachkina wants to have the g7 square available for her knight.} ( {Here:} 23...Be6 $2 {fails tactically to the double attack:} 24.Bxe6+ Qxe6 25.Qg2 ) ( {However:} 23...Kg7 $1 24.e6 Nf6 {would have been stronger than in the game for Black.} ) 24.e6 Nf6 25.Rxd4 $5 {This is why the Chinese GM opened the road for her light-squared bishop. She needs the second one there too and the price of an exchanges seems fair to her.} ( {Once more objectively better seems:} 25.Bxd4 Bxd4 26.Rxd4 Qb7+ 27.Bb3 Qh1 {When the game will most likely end in a draw either with immediate repetition:} 28.Bc4 ( {Or with very complex perpetual check like in this line:} 28.Rf4 g5 29.Rf2 Ne4 30.Qe3 Nxf2 31.Qe5+ Kg8 32.Qxg5+ Kf8 33.Qh6+ Ke8 34.Qh5+ Kd8 35.Qa5+ ) 28...Qb7+ ( {But Black can also try to play for the win with:} 28...Rb8+ $5 ) ) 25...Bxd4 26.Bxd4 Qb7+ 27.Ka2 ( {Surprisingly, the king would have been safer in the center:} 27.Kc1 $1 {Then:} 27...Qb4 ( {Or:} 27...Rd8 28.Bc3 Rb8 29.Nd2 ) 28.Ne3 Qxa4 29.Nd5 {allows White a chance to build strong attack.} ) 27...Rd8 ( {Missing the good chance:} 27...Qb4 $1 28.Bxf6+ exf6 29.Bb3 Kg7 ) 28.Bb2 Rb8 {Now this is wrong. It only pushes the white pieces to better squares.} ( {Better was the prophylactic :} 28...Kg8 $1 ) ( {Or the complex endgame after:} 28...Qg2 $5 29.Qxg2 Bxg2 30.Ne3 Bc6 ) ( {Even the move:} 28...h5 $1 {would secure some essential squares for the black king and prevent White's dangerous threats.} ) 29.Bb3 Qg2 ( {Here:} 29...h5 $1 {was essential.} ) 30.Qe5 {This is what Ju's idea was all about. Now her threats seem deadly.} ( {But if White was not fixated on her idea, she might have found the amazing study-like win:} 30.Qc4 $3 Qxf1 31.Qc7 Re8 32.Qd7 $3 {when the only way to stop the capture on e8 is:} 32...Kg8 33.Bxf6 {which leads to a winning attack for White.} ) 30...Rxb3 $1 {The only move.} ( {It is not the black rook which is hanging only, the king is in danger. Say:} 30...Rc8 31.Qxf6+ $3 exf6 32.Bxf6+ Kg8 33.e7+ {and mate.} ) ( {There is no time for consolidation neither:} 30...Qb7 31.Ne3 $1 {as White will bring on the reserves with decisive effect.} ) 31.cxb3 Qc6 32.Nd2 Bxe6 $1 {Again, the best defense.} ( {The endgame after:} 32...Qxe6 33.Qxe6 Bxe6 34.Ne4 Kg7 35.Ka3 h6 36.Nc5 Bc8 37.Kb4 {is lost for Black.} ) 33.Ka3 Kg8 34.Nf3 Qd5 ( {Otherwise Black loses quickly, say:} 34...Qxf3 35.Qxe6+ Kf8 36.Qxa6 ) 35.Qb8+ Kg7 36.Ne5 Qc5+ 37.Qb4 Qxb4+ {Finally, Goryachkina decided that it is a good moment to trade.} ( {But it was worth waiting with this once more:} 37...Qc7 $5 38.Qd4 Kf8 39.Nd3 {leads to a nasty position where White's edge is indisputable, but at least Black can hope for survival.} ) 38.Kxb4 Kf8 39.Nc4 Ne4 ( {The bishop is Lord after:} 39...Bxc4 40.bxc4 Ne4 41.Ka5 ) 40.Bd4 Ke8 {The fortieth move...} ( {The contender missed a chance to build sort of a fortress with:} 40...Nd6 $1 41.Ne5 Nb7 ) 41.Ka5 Nd6 42.Nd2 $1 {Now the white king enters the queenside and Black's position is slowly collapsing.} ( {Not:} 42.Nxd6+ exd6 43.b4 Bc4 {with a draw.} ) 42...Bc8 43.Kb6 Kd8 44.Be5 Kd7 45.Bf4 $3 {A beautiful zugzwang!} ( {The rushy:} 45.Bxd6 Kxd6 46.b4 e5 {would have allowed Black unnecessary counterplay.} ) 45...g5 ( {Nothing changes:} 45...h5 46.h4 Nf5 ( 46...Nf7 47.Nf3 ) 47.Ne4 ) 46.Bxg5 e5 47.Be3 {The rest is a matter of technique and the world champion has no problems at all.} 47...Ke6 48.Kc7 Bd7 49.Bc5 Nf5 50.Kb6 Kd5 51.Nb1 $1 e4 52.Nc3+ Ke5 53.Kxa6 e3 54.a5 Nd4 55.b4 Bg4 56.Kb6 {Final preparation.} 56...e2 57.Bxd4+ Kxd4 58.Nxe2+ Bxe2 59.a6 {And the pawns are unstoppable:} 59...Bf3 60.a7 h5 ( {Or:} 60...Kc4 61.b5 Kb4 62.Ka6 ) 61.b5 Kc4 62.h3 Kd5 1-0

[Event "Cairns Cup"]
[Site "?"]
[Date "2020.02.16"]
[Round "9.2"]
[White "Kosteniuk, Alexandra"]
[Black "Ju, Wenjun"]
[Result "0-1"]
[WhiteElo "2504"]
[BlackElo "2583"]
[EventDate "2020.??.??"]
[Annotator "Bojkov,Dejan"]
[PlyCount "112"]
[Beauty "6602438475785"]
[EventType "team-tourn"]

1.e4 e5 2.Nf3 Nc6 3.Bb5 Nf6 {According to the Megabase, this is the first time that the world champion uses the Berlin Defense. This might, however, have been on the cards in her match against GM Aleksandra Goryachkina.} 4.O-O Nxe4 5.d4 Nd6 6.Bxc6 dxc6 7.dxe5 Nf5 8.Qxd8+ Kxd8 9.Rd1+ Ke8 10.Nc3 Bd7 ( {A five-time world champion comfortably held the endgame after:} 10...Ne7 11.h3 Ng6 12.Ne2 Be7 13.Bd2 Bd7 14.Bc3 c5 15.Ng3 Nf4 16.Bd2 Ne6 17.Nf5 Bc6 18.Ne1 h5 19.Nxe7 Kxe7 20.h4 Rad8 21.Be3 b6 22.f3 Nd4 {Aronian,L (2772)-Anand,V (2757) Bucharest 2019} ) 11.b3 Be7 12.Bb2 Rd8 13.Ne4 $146 {An attempt to improve on a game that was played at the Russian team championship.} ( {An earlier game saw the somewhat sluggish:} 13.h3 h5 14.Kf1 b6 15.a4 a5 16.Ne2 c5 17.Nc3 Bc6 18.Nb5 Rxd1+ 19.Rxd1 Bd8 {when Black did not have anything to worry about, Savchenko,B (2630)-Romanov,E (2624) Taganrog 2011} ) 13...h5 14.Rd2 Bc8 15.Re2 {Kostenuik decided to keep as many pieces as she can on the board. On the e-file the rook aims the black king.} ( {Black is comfortable once that a pair of rooks leaves the board:} 15.Rad1 Rxd2 16.Rxd2 b6 17.c4 Rh6 ) 15...c5 16.Rae1 Rh6 $1 {Ju finds a nice way to bring the second rook out.} 17.c4 ( {Nothing yields:} 17.Nf6+ Kf8 ) 17...Kf8 ( {The immediate:} 17...Ra6 {allows the maneuver:} 18.Nf6+ Kf8 19.Nd5 ) 18.Rd2 {At the end of the day Kostenuik decided to swap the rook pair. The tactical ideas fizzled out, and the rooks are no better than the opponent's ones.} 18...Rxd2 19.Nexd2 Ra6 20.a4 ( 20.Ra1 {looks too sad to be good.} ) 20...g5 $1 {The Chinese GM is slowly outplaying her opponent. The kingside pawns' advances aim to open the road for the bishops.} 21.Ne4 g4 22.Nfd2 Nd4 23.Nc3 c6 ( {Here more accurate is:} 23...Bf5 $1 24.Nd5 ( 24.Nce4 {leads to problems with the e5-pawn:} 24...Re6 ) 24...Bd8 {c7-c6 and b7-b5 will follow next, but White will be deprived of the chance she got in the game.} ) 24.Nce4 b5 25.Nd6 $1 {Finally some activity! It is interesting how deceptive the Berlin can be. The impression that White needs to play statically is completely wrong as the first player cannot easily trade the opponent's pieces. It is quite the contrary: Black has tons of ways to improve her position slowly.} 25...Be6 ( {Black did well to stay away from the line:} 25...Bxd6 $6 26.exd6 bxa4 27.bxa4 Rxa4 28.Ne4 Rxc4 29.Nxc5 $1 {The only one to play for the win after:} 29...Rxc5 30.Ba3 $1 Nb3 31.d7 $1 Bxd7 32.Re5 {is White.} ) 26.cxb5 cxb5 27.axb5 ( {Correct is:} 27.Bxd4 $1 Bxd6 ( {Worse seems:} 27...cxd4 28.Nxb5 d3 29.Nc7 Ra5 30.Nxe6+ fxe6 31.f4 ( {Or} 31.Nc4 {in both cases with winning chances for White.} ) ) 28.axb5 $1 Ra2 29.exd6 cxd4 30.Nc4 Rc2 {Black has compensation for a pawn but hardly more.} ) 27...Ra2 28.Bxd4 cxd4 29.N2c4 {Now the world champion comes with a brilliant idea:} ( {Better is:} 29.Rd1 f6 30.N6c4 {The white knights retreat in this line, but can do a better job than in the game.} ) 29...h4 $3 30.Kf1 h3 $1 {First of all, this pawn takes away the air from the white king and creates mating threats.} 31.gxh3 gxh3 32.Re2 Ra1+ 33.Re1 Rxe1+ 34.Kxe1 Bg5 $1 {That is the second point: the h3-pawn fixed a serious weakness on h2. Last but not least, the bishops tend to get even better with the trades.} 35.Ne4 {Kosteniuk decided to appoint one of the knights as a guardian of the h2-pawn.} ( {White cannot stop all the rabbits in the line:} 35.Kf1 Bf4 36.Kg1 Bxc4 $1 37.Nxc4 d3 ) 35...Bf4 36.Ng3 d3 37.Nf1 Ke8 {The white pieces are more or less paralyzed, and the game is decided by the "extra" black king.} 38.Nb2 Bf5 ( {Even easier might have been:} 38...d2+ 39.Ke2 ( 39.Nxd2 Bxh2 ) 39...Bd7 $1 ) 39.Ng3 d2+ 40.Kd1 ( {Against:} 40.Ke2 {Black has:} 40...Bg4+ 41.f3 Bxg3 ) 40...Bg4+ 41.Kc2 Bxe5 {The knight simply ended too far from this pawn.} 42.Nd1 Bf4 43.Nf1 Be2 44.Ng3 Bf3 45.Nf1 Be4+ 46.Kc3 Bg2 47.Ng3 Bf3 48.Kc2 Kd7 49.Nc3 Kc7 ( 49...Ke6 $5 ) 50.Nf1 Kb7 51.b4 Kb6 {An inaccuracy before the win.} ( 51...Bg4 $1 52.Nxd2 Bxh2 {would have finished immediately.} ) 52.Nxd2 Bg2 53.Nde4 ( {Kosteniuk missed a chance to make use of the knight forks after:} 53.Nf1 $1 Bxf1 54.Nd5+ Kxb5 55.Nxf4 Kxb4 {thus prolonging the resistance. Although Ju should win here too.} ) 53...Bxh2 54.Nd5+ Kxb5 55.Nec3+ Kc6 56.b5+ Kb7 0-1

[Event "Chess Festival - Masters"]
[Site "Prague"]
[Date "2020.02.14"]
[Round "3.1"]
[White "Firouzja, Alireza"]
[Black "Harikrishna, Pentala"]
[Result "1-0"]
[WhiteElo "2726"]
[BlackElo "2713"]
[EventDate "2020.??.??"]
[Annotator "Bojkov,Dejan"]
[PlyCount "79"]
[Beauty "7699399966728"]
[EventType "schev"]
[EventRounds "3"]
[EventCountry "CZE"]

1.e4 e5 2.Nf3 Nc6 3.Bb5 a6 4.Ba4 Nf6 5.O-O Be7 6.d3 b5 7.Bb3 d6 8.c3 O-O 9.h3 Na5 10.Bc2 c5 11.d4 {Firouzja enters the Chigorin system down a tempo. In comparison to the main lines, White does not have his rook on e1.} ( {The more common plan is to avoid the d3-d4 advance:} 11.Re1 Re8 12.Nbd2 Bf8 13.Nf1 g6 14.Ng3 Nc6 15.Bg5 h6 16.Bd2 {1/2-1/2 (16) Pruijssers,R (2557)-Ernst,S (2553) Amstelveen 2019} ) 11...Qc7 12.d5 {When down a tempo, keep the position closed.} 12...Nc4 13.b3 Nb6 14.a4 c4 $146 ( {An earlier game saw Black trying to solve his problems tactically after:} 14...bxa4 15.bxa4 Nc4 16.Bd3 Na5 17.Nbd2 c4 18.Bc2 Bd7 19.Ba3 Nb3 20.Bxb3 cxb3 21.Qxb3 Rab8 22.Qc2 Rfc8 23.Nxe5 dxe5 24.Bxe7 Qxc3 25.Qxc3 Rxc3 26.Nf3 Nxe4 27.Nxe5 {but White still kept an edge, Manik, M (2407) -Paravyan,D (2531) Pardubice 2017} ) 15.axb5 axb5 {An obviously recapture, and an inaccuracy!} ( {Harikrishna could have searched counterplay with the original:} 15...cxb3 $5 16.Bd3 Nfd7 {activating both knights. Since White is somewhat lagging in development, Black should be OK:} ( {Rather than:} 16...Nxe4 17.Bxe4 f5 18.Bd3 e4 19.Be2 exf3 20.Bxf3 {when White is better.} ) 17.bxa6 $2 ( {More reasonable is:} 17.Qxb3 Nc5 18.Qc2 {although Black has enough play after both:} 18...Nxd3 ( {Or the immediate:} 18...f5 $1 ) 19.Qxd3 f5 $1 ) 17...Nc5 {This is even better for Black.} ) 16.Rxa8 Nxa8 17.bxc4 bxc4 18.Ba3 {The bishop is very active on the diagonal. Plus, Firouzja is setting up a devilish trap.} ( {Against:} 18.Be3 {White might disliked the typical piece sacrifice after:} 18...Nb6 19.Nbd2 Nbxd5 $5 20.exd5 Nxd5 21.Ne4 Nxe3 22.fxe3 h6 {and if the Black pawns come into motion he might be even better.} ) 18...Nd7 $1 {The Indian GM is alert.} ( {The obvious developing move:} 18...Nb6 {would have lost on the spot due to:} 19.Nxe5 $1 dxe5 20.d6 ) 19.Bb4 Nc5 ( {Not much is changed after:} 19...Nab6 20.Nbd2 ) 20.Qe2 {The position has clarified in White's favor. The pawn on c4 is a clear target for the white pieces and he has various maneuvers to get it. Moreover, Firouzja has all the chances to seize the open a-file first.} 20...Nb6 21.Nbd2 f5 {Harikrishna knows that he is losing the battle on the queenside and tries his best to keep the opponent busy on the opposite wing.} ( {Or:} 21...Ncd7 22.Ra1 ) 22.Rd1 $1 {Strong prophylaxis. White overprotects the d5 pawn.} ( {There is no need to allow unnecessary counterplay with:} 22.exf5 Nd3 23.Bxd3 cxd3 24.Qxd3 Bxf5 25.Ne4 Qb7 ) 22...g6 ( {If:} 22...Ba6 23.Ra1 {comes with a tempo.} ) 23.Qe3 {The threat is Bxc5. Firouzja tries to force the closure of the kingside.} 23...f4 {Which happened.} ( {A tad more accurate was:} 23...Na6 24.Ba3 f4 ) 24.Qe2 {Now White can resume the wrapping of the c4 pawn.} 24...Ba6 ( {Similar would be:} 24...Bd7 25.Ra1 Rb8 26.Ra5 ) 25.Ra1 Ra8 26.Qf1 $1 {Another strong maneuver. White prepares the doubling of his major pieces along the a-file.} 26...Qc8 27.Ra5 ( 27.Ra3 $5 {might have been more accurate on the account of Black's next option.} ) 27...Ncd7 {Now Harikrishna loses without much of a fight.} ( {The pawn is doomed. This should have been clear, and it made no sense to try and stick to it. The best chance to survive was related to the fortress:} 27...Nb3 28.Ra2 Nxd2 29.Nxd2 Bb5 30.Qa1 Rxa2 31.Qxa2 Qa6 32.Qxa6 Bxa6 {It seems counter-productive for Black to trade the pieces as now the c4 pawn is doomed:} 33.Bb1 ( 33.Bd1 {followed by Bd1-e2 would lead to the same.} ) 33...Kf7 34.Ba2 Bb5 35.Ba5 {wins the pawn, but maybe Black can survive after:} 35...Bd8 36.Bxb6 ( 36.Bxc4 Nxc4 37.Nxc4 Bxc4 38.Bxd8 {is an opposite-colored bishop endgame, which should most likely be a draw.} ) 36...Bxb6 37.Bxc4 Ba4 {The pawn is gone, but the bishop pair is fair compensation for it.} ) 28.Qa1 Bb5 29.Nb1 $1 {Aiming for the c4 pawn via the a3 square.} ( {White can also start with:} 29.Bd1 $1 Rxa5 30.Qxa5 Qa6 31.Nb1 ) 29...g5 ( {It is too late for the trades:} 29...Rxa5 30.Qxa5 Qa6 31.Na3 Qxa5 32.Bxa5 Ba6 33.Bd1 Bd8 34.Bb4 ( {Rather than:} 34.Be2 Nc5 35.Nd2 Nd3 ) 34...Be7 35.Nd2 {is a much better version of the pawn gain than the line from above.} ) 30.Rxa8 Nxa8 ( {Or:} 30...Qxa8 31.Qxa8+ Nxa8 32.Na3 {and the c4 pawn is gone.} ) 31.Qa7 Nc7 {This was the last moment in which Black could have tried the endgame.} ( 31...Qa6 32.Qxa6 Bxa6 {although strictly speaking it should be also lost for Black.} ) 32.Na3 Ba6 ( {The threat was:} 32...h5 33.Ba5 {to win a whole piece.} ) 33.Ba4 $1 {There will be no endgame as Black's position quickly collapses.} ( {Avoiding:} 33.Ba5 $2 Nb5 ) 33...Nf6 ( {Since:} 33...Nf8 34.Nxe5 {is equally hopeless.} ) 34.Nxg5 {Now a tactical sequence follows in which Firouzja neatly finishes an impeccable positional game:} 34...Nfxd5 35.exd5 Bxg5 36.Bxd6 Nxd5 37.Bd7 Qb7 38.Be6+ Kg7 39.Bxe5+ Bf6 40.Qd4 $1 1-0